El problema de la situación religiosa

Збережено в:
Бібліографічні деталі
Автор: Simmel, Jorge
Формат: Книга
Мова:Undetermined
Опубліковано: Santiago, Chile Cultura 1935
Предмети:
Теги: Додати тег
Немає тегів, Будьте першим, хто поставить тег для цього запису!

MARC

LEADER 00000nam a2200000Ia 4500
008 170316s9999 xx 000 0 und d
090 |a 230 S-10p 
100 |a Simmel, Jorge 
245 |a El problema de la situación religiosa 
260 |a Santiago, Chile 
260 |b Cultura 
260 |c 1935 
300 |a 138 páginas 
650 |a TEOLOGÍA 
999 |c 18065  |d 18065 
040 |a cru BVZT 
942 |c 15 D  |h 230 S-10p  |2 z